Anatomy and physiology in health and illness (Record no. 112457)

MARC details
000 -LEADER
fixed length control field 00404nam a2200157Ia 4500
008 - FIXED-LENGTH DATA ELEMENTS--GENERAL INFORMATION
fixed length control field 230917s9999||||xx |||||||||||||| ||und||
040 ## - CATALOGING SOURCE
-- 71875
Original cataloging agency VIVEKANANDA LIBRARY
041 ## - Language
-- English
082 ## - DDC NUMBER
Classification number 612 W357R
100 ## - MAIN ENTRY--PERSONAL NAME
Personal name Waugh, Anne
245 #0 - TITLE STATEMENT
Title Anatomy and physiology in health and illness
250 ## - EDITION STATEMENT
Edition statement 9th ed.
260 ## - PUBLICATION, DISTRIBUTION, ETC. (IMPRINT)
Place of publication, distribution, etc Edinburgh
Name of publisher, distributor, etc Churchill Livingstone
Date of publication, distribution, etc 2001
300 ## - PHYSICAL DESCRIPTION
Pages viii, 484 p.
942 ## - ADDED ENTRY ELEMENTS (KOHA)
Koha item type Books
Holdings
Withdrawn status Lost status Damaged status Not for loan Location (home branch) Sublocation or collection (holding branch) Date acquired Koha issues (times borrowed) Koha full call number Accession No. Koha date last seen Koha item type
        VIVEKANANDA LIBRARY VIVEKANANDA LIBRARY 05/02/2003   612 W357R 200855 17/09/2023 Books
© Designed and Maintained by Vivekananda Library, MDU Rohtak